Stepping into the Elite: Trajectories of social achievement in India, France, and the United States/ (Record no. 176417)

MARC details
000 -LEADER
fixed length control field 00729nam a22001937a 4500
005 - DATE AND TIME OF LATEST TRANSACTION
control field 20201222123526.0
010 ## - LCCN (DPL NO)
LC control number ENG-128703
020 ## - INTERNATIONAL STANDARD BOOK NUMBER
International Standard Book Number 978-0-19-948724-3
Terms of availability 995.00
035 ## - SYSTEM CONTROL NUMBER
System control number EN-112235
037 ## - SOURCE OF ACQUISITION
Source of stock number/acquisition DBAD/PUB
082 ## - DEWEY DECIMAL CLASSIFICATION NUMBER
Classification number 305.513
100 ## - MAIN ENTRY--PERSONAL NAME
Personal name Naudet, Jules
245 ## - TITLE STATEMENT
Title Stepping into the Elite: Trajectories of social achievement in India, France, and the United States/
Remainder of title Naudet, Jules; translated from frnch by Renuka George
260 ## - PUBLICATION, DISTRIBUTION, ETC. (IMPRINT)
Place of publication, distribution, etc New Delhi
Name of publisher, distributor, etc Oxford University Press
Date of publication, distribution, etc 2012
270 ## - ADDRESS
City New Delhi
Postal code 110002
Address 2/11, Ground Floor, Ansari Road, Daryaganj
300 ## - PHYSICAL DESCRIPTION
Extent xxi+353p.
Dimensions 22cm(hbk)
Other physical details Including tables and index.
700 ## - ADDED ENTRY--PERSONAL NAME
Personal name George, Renuka , tr.
942 ## - ADDED ENTRY ELEMENTS (KOHA)
Source of classification or shelving scheme Dewey Decimal Classification
Item type English Books
Classification part 305.513
Call number suffix NAU
Holdings
Withdrawn status Lost status Not for loan Collection code Home library Current library Date acquired Source of acquisition Cost, normal purchase price Full call number Barcode Copy number Cost, replacement price Koha item type
      Non-fiction Central Library Central Library 22/12/2020 DBAD/PUB 995.00 305.513 NAU EN-112235 1 995.00 English Books

© Delhi Public Library
Hit Counter
free hit counter